000 00412pab a2200169 454500
008 180718b2008 xxu||||| |||| 00| 0 eng d
100 _aJayasheela
245 _aAgricultural credit in the post WTO period
260 _c2008
300 _ap.485-96.
362 _aJan
650 _aAgricultural credit
700 _aVishwanatha
773 _aAgricultural Situation in India
908 _aN
909 _a80862
999 _c80862
_d80862